00558 2200193 4500245011300000020002200113250001100135100001700146700002300163700001700186650002100203650001000224005001900234260005700253041001400310084000800324300002300332336000900355 aBuku Panduan Guru Cerdas cergas Berbahasa dan Bersastra Indonesia untuk SMA/SMK Kelas XIcHeny MarwatihText a978-602-244-659-0 aCet. 1 aHeny Marwati aK. Waskitaningtyas aAhid Hidayat aBahasa Indonesia aEbook a20230616071956 aJakartabKementerian Pendidikan dan Kebudayaanc2021 aIndonesia a410 ax, 254 hlm. :cPDF atext